Analyse des pratiques enseignantes et didactiques des mathématiques: actes de l'Universite d'été

Zapisane w:
Opis bibliograficzny
1. autor: Noirfause, Robert (auteur)
Format: Książka
Język:francuski
Wydane: Grenoble IREM 1998
Hasła przedmiotowe:
Etykiety: Dodaj etykietę
Nie ma etykietki, Dołącz pierwszą etykiete!

MARC

LEADER 00000nam a2200000 a 4500
001 UCM8381
003 CL-VaPUC
008 030314e19980000fr |||||||||||||||||fre|d
082 0 4 |a 510.0712  |b NOI  |2 21 
100 |a Noirfause, Robert  |e auteur  |9 474408 
245 1 0 |a Analyse des pratiques enseignantes et didactiques des mathématiques: actes de l'Universite d'été 
300 |a 262 p 
942 |c BK 
945 |d 20030314 00:00:00  |a rbrito 
260 |a Grenoble  |b IREM  |c 1998 
650 0 |a Matemáticas  |x Enseñanza  |9 875527 
650 0 |a Ecuaciones  |9 260137 
650 0 |a Fracciones  |9 316607 
583 |a last modification  |c 20171115 11:17:23  |k Rodrigo Vera 
999 |c 302902  |d 302900 
952 |0 0  |1 0  |4 0  |6 510_071200000000000_NOI_1998  |7 0  |8 A  |9 363733  |a BIBMAT  |b BIBMAT  |d 2019-11-21  |i 3804348  |o 510.0712 NOI 1998  |p 3804348  |r 2025-01-07  |w 2019-11-21  |y BK  |k MAT